| 000 | 00490nam a22001817a 4500 | ||
|---|---|---|---|
| 008 | 210907b ||||| |||| 00| 0 eng d | ||
| 020 | _a9781856098076 | ||
| 082 |
_a623.888 _bOCI |
||
| 100 | _aOil Companies International Marine Forum | ||
| 245 | _aEffective mooring | ||
| 250 | _a4th Ed. | ||
| 260 |
_aLondon _bOil Companies International Marine Forum _c2019 |
||
| 300 | _avi, 72p. | ||
| 650 | _aMooring of ships | ||
| 650 | _aDeep-sea moorings | ||
| 650 | _aAnchorage | ||
| 942 | _cBK | ||
| 999 |
_c11935 _d11935 |
||